• 首页
  • 本馆介绍
  • 公告通知
  • 最新文献
  • 馆藏检索
  • 电子资源
  • 读者导购
  • 参考咨询
  • 我的图书馆
  • 登录
  • 详细信息显示
  • 放入我的书架
  • 预约/预借图书
  • 作者相关作品
  • 分类相关作品
  • 丛书相关作品
  • 出版社相关作品

书目信息

  • 表格格式
  • 工作单格式
  • 卡片格式
题名:
干部成长的六堂必修课
    
 
作者: 洪向华
分册:  
出版信息: 北京   人民出版社  2022.06
页数:
开本:
丛书名:
单 册:
中图分类: D262.3
科图分类:
主题词: 中国共产党
电子资源:
ISBN: 7-5051-4405-7
000 00552nam0 2200181 450
001 2456421400
005 20240422082144.75
010    @a7-5051-4405-7@dCNY56.00
100    @a20240419d2022 km y0chiy0120 ea
101 0  @achi
102    @aCN@b110000
200 1  @a干部成长的六堂必修课@AGan Bu Cheng Zhang De Liu Tang Bi Xiu Ke@f洪向华@FHong Xiang Hua
210    @a北京@c人民出版社@d2022.06
606 0  @a中国共产党
690    @aD262.3@v4
701  0 @a洪向华@AHong Xiang Hua
801  0 @aCN@b大连网信软件有限公司图书馆·11@c20240422
905    @aZUCC@dD262.3@e2049
    
    干部成长的六堂必修课/洪向华.-北京:人民出版社,2022.06
    
    
    
    ISBN 7-5051-4405-7:CNY56.00
    
●
相关链接 在E读中查询图书 在五车中查询图书 在当当中查询图书 在豆瓣中查询图书


正题名:干部成长的六堂必修课     索取号:D262.3/2049         预约/预借

序号 登录号 条形码 馆藏地/架位号 状态 备注
1 1057194   210571941   廉洁文化教育区/ [索取号:D262.3/2049] 在馆    
唐山师范学院图书馆 欢迎您!
大连网信软件有限公司© 版权所有